Письмо и две телеграммы Степана Федоровича Панютина, Виленского губернатора, Константину Петровичу фон Кауфману по поводу увольн...

Доступно только в Электронных читальных залах Найти на картеНа карте
RUSMARC
00003656nmc2a22002413x 450
001e3f8f71f-d5de-4d73-8b9a-f211a5d082b1
00520230904233457.0
100##$a20230328l18661866k l0rusy0189 ca
1010#$arus
102##$aRU
105##$ay###
1220#$ad
2001#$aПисьмо и две телеграммы Степана Федоровича Панютина, Виленского губернатора, Константину Петровичу фон Кауфману по поводу увольнения чиновника Собина, поздравительные
$j9 марта 1866 г.
215##$a4 л.
$d25х30 см
251##$cДело
300##$aПисьма Константину Петровичу фон Кауфману (1818-1882 годы)
371##$aДокумент не является опубликованным и широко распространяемым
461#0$100190e07281-0192-43e2-b84a-6d6cf747817c
$12001
$aФон Кауфманы и фон Кауфманы Туркестанские
$1251
$cФонд
$1852
$j954
462#0$1001ff04dd05-f76b-4284-9957-af4e9e6c0442
$12001
$aМатериалы к истории рода Kауфманов; личные и служебные документы К.П., М.П., П.М. Кауфмана
$1251
$cОпись
$1852
$j1
801#0$aRU
$bРГИА
$c20230328
$gRCR
801#1$aRU
$bГлавНИВЦ
$c20230328
$2rusmarc
801#2$aRU
$bПБ им. Б.Н. Ельцина
$c20230904
$gRCR
$2rusmarc
850##$aРГИА
852##$aРГИА
$eФедеральное казенное учреждение "Российский государственный исторический архив" (РГИА)
$j50
937##$hРГИА
$d12390444
$aASBIBLIO_SCAN
035##$aRusGRCC00059457
856##$uhttp://readingroom.main.prlib.ru/item.aspx?id_node=n187357151&mode=full
Формат отображения